| 000 | 00323nam a22001337a 4500 | ||
|---|---|---|---|
| 003 | OSt | ||
| 005 | 20231127174932.0 | ||
| 008 | 231127b |||||||| |||| 00| 0 eng d | ||
| 040 | _cCO-JMCR | ||
| 082 |
_aA / _bDAHr |
||
| 100 |
_aDahl Roald _eautor _942278 |
||
| 245 |
_aRelatos Escalofriantes / _cRoald Dahl |
||
| 942 |
_2ddc _cBK |
||
| 999 |
_c30349 _d16733 |
||